000 00472nam a22001577a 4500
005 20241127115139.0
008 241127b |||||||| |||| 00| 0 eng d
020 _a9780675031646
050 _aQC171.2 HEI
100 _aHeimler, Charles H.
245 _aFocus on Physical Science/
_cCharles H. Heimler & Jack Price
260 _aColumbus, Ohio
_bMerrill Publishing Company
_c1989
300 _ax.614p.
_bill. some color
_c26cm
700 _aPrice, Jack
942 _2lcc
_cBK
_n0
999 _c1598
_d1598